000 00928nam a2200289 i 4500
003 DO-SdBNP
005 20260529113122.0
007 ta
008 260515b2025 dr a|||| |||| 00| 0 spa d
020 _a9789945949162
040 _aDO-SdBNP
_bspa
_cBNPHU
_erda
041 _aspa
082 4 _a158.1
_bH557s
_222
100 1 _aHernández, Luz,
_eautor
_4aut.
_959774
245 1 0 _aSin máscara /
_cLuz Hernández ; editor, Luis R. Cunillera
264 4 _aSanto Domingo :
_bEditorial Luz de Luna,
_c©2025.
300 _a79 páginas :
_bilustraciones ;
_c21 cm.
336 _atexto
_btxt
_2rdacontent
337 _asin mediación
_bn
_2rdamedia
338 _avolumen
_bnc
_2rdacarrier
590 _aInventariado, 2026/BT
650 7 _aConducta de vida
_2LIBRUNAM
_911947
650 7 _aAutoestima
_2LIBRUNAM
_9212
650 7 _aMadurez
_2LIBRUNAM
_989801
910 _aBtavárezv/Validado. Control de calidad MFF
942 _2ddc
_cLBS1
999 _c60754
_d60754